OFC Members - Statistics

General Stats
  • This quiz has been taken 237 times
  • The average score is 11 of 15
Answer Stats
Member % Correct
New Zealand
98%
Samoa
90%
Fiji Islands
89%
Tonga
88%
Vanuatu
88%
Solomon Islands
84%
Tuvalu
82%
Papua New Guinea
78%
Kiribati
72%
American Samoa
68%
Tahiti
68%
New Caledonia
62%
Cook Islands
55%
Niue
41%
Tokelau
18%
No matching quizzes found
Score Distribution
Percent of People with Each Score
Percentile by Number Answered
Your Score History
You have not taken this quiz